000 01209nam a2200361 a 4500
001 000031502
003 DO-SdBPM
005 20250625125737.0
007 ta
008 110627s2005 dr 001 j spa d
020 _a9993442321
040 _aDO-SdBPM
_bspa
_cBPMSU
_erda
_drda
049 _a
082 4 _aRD863.5
_bN973e 2005
_222
100 1 _aNuñez Guerrero, Sheilly,
_d1980-
_eautor
245 1 4 _aLos elementos /
_cSheilly Nuñez Guerrero ; editor José M. Fernández Pequeño.
264 _aSanto Domingo :
_bEdiciones Ferilibro,
_c2005.
300 _a73 páginas. ;
_c24 cm.
336 _atexto
_btxt
_2rdacontent
337 _asin mediación
_bn
_2rdamedia
338 _avolumen
_bnc
_2rdacarrier
490 1 _aEdiciones Ferilibro
_v67,
500 _aII Concurso de Cuento Joven, Feria del Libro 2004.
500 _aIncluye datos biograficos de la autora en la contracubierta.
590 _aInventariado, 2025/VM
650 7 _aCuentos dominicanos
650 7 _aLiteratura dominicana.
650 z _aShort stories, Dominican
650 z _aDominican literature
700 1 _aFernández Pequeño, José M.,
_eeditor
910 _aVMateo V. Control de la calidad BPMSU
942 _2ddc
_cBK
999 _c15220
_d15220